000 00760nam a2200181Ia 4500
008 090630s9999 xx 000 0 und d
082 _b16393
100 _aहिवराळे सुखराम.
245 _aसत्यशोधकी आणि आंबेडकरी जलसे.
_cहिवराळे सुखराम.
260 _bप्रचार - कोल्हापूर.
300 _a0
600 _aहिवराळे सुखराम.
630 _aसत्यशोधकी आणि आंबेडकरी जलसे.
655 _aइतर.
700 _aहिवराळे सुखराम.
730 _aसत्यशोधकी आणि आंबेडकरी जलसे.
942 _cBOOK
999 _c268249
_d268249